Сопоставление образовательных процессов и систем; Проблемы и практика инженерного образования. Высшее техническое образование: Качество и интернационализация

Bibliographic Details
Parent link:Проблемы и практика инженерного образования. Высшее техническое образование: Качество и интернационализация.— 2000.— С. 122-125
Main Author: Шмойлов А. В. Анатолий Васильевич
Language:Russian
Published: 2000
Subjects:
Format: Book Chapter
KOHA link:https://koha.lib.tpu.ru/cgi-bin/koha/opac-detail.pl?biblionumber=74572

MARC

LEADER 00000naa2a2200000 4500
001 74572
005 20231031085500.0
035 |a (RuTPU)RU\TPU\book\79537 
090 |a 74572 
100 |a 20050309d2000 k y0rusy50 ca 
101 0 |a rus 
102 |a RU 
200 1 |a Сопоставление образовательных процессов и систем  |f А. В. Шмойлов 
463 1 |0 (RuTPU)RU\TPU\book\14603  |t Проблемы и практика инженерного образования. Высшее техническое образование: Качество и интернационализация  |o труды IV Международной научно-практической конференции, 14-17 марта 2000 г., г. Томск  |f Томский политехнический университет  |v С. 122-125  |d 2000  |p 190 с. 
610 1 |a образовательные процессы 
610 1 |a сопоставление 
610 1 |a системы 
610 1 |a образование 
610 1 |a качество 
610 1 |a труды учёных ТПУ 
700 1 |a Шмойлов  |b А. В.  |c специалист в области электроэнергетики  |c доцент Томского политехнического университета, кандидат технических наук  |f 1939-  |g Анатолий Васильевич  |2 stltpush  |3 (RuTPU)RU\TPU\pers\26025 
801 1 |a RU  |b 63413507  |c 20050309  |g PSBO 
801 2 |a RU  |b 63413507  |c 20190125  |g RCR 
942 |c BK